Banking 2020

Bibliographic Details
Main Author: Padhy, Kishore C
Format: Book
Published: New Delhi : Dominat Pub. & Dist. Pvt. Ltd , 2012
Subjects:

MARC

LEADER 00000cam a2200000 7i4500
001 0000060679
005 20160307.0
008 160307
020 |a 9789380642840 
090 0 0 |a 332.109   |b PAD 
100 1 |a Padhy, Kishore C 
245 1 0 |a Banking 2020   |c Kishore C. Padhy 
260 |a New Delhi :   |b Dominat Pub. & Dist. Pvt. Ltd ,   |c 2012 
300 |a 444 pg. :   |b col. ill. ;   |c 22.3 cm. 
650 0 |a Bank failures 
650 0 |a Banks & banking 
650 0 |a Banks & banking   |x History 
650 0 |a Financial crises 
999 |a 0001393457   |b Book   |c Adult Collection   |e Perbadanan Perpustakaan Awam Johor